Тест на общие знания №43 - Statistics

General Stats
  • This quiz has been taken 40 times
  • The average score is 8 of 20
Answer Stats
Вопрос Ответ % Correct
Оно двухкамерное у рыб, трёхкамерное у рептилий и четырёхкамерное у млекопитающих. Что это? сердце
88%
В кого превратился братец Иванушка, выпив воды из лужи вопреки совету сестрицы Алёнушки? козлёнок
78%
У кого из Черепашек-ниндзя была повязка фиолетового цвета? Донателло
75%
Что бывает шаровым, пунктирным и расстёгнутым? молния
66%
В каком виде спорта преуспели Бобби Фишер, Магнус Карлсен и Гарри Каспаров? шахматы
66%
Назовите испаноязычный вариант имени Пётр Педро
56%
У кого были дети от Юлия Цезаря и от Марка Антония? Клеопатра
56%
В каком городе происходят события видеоигры "Grand Theft Auto V"? Лос-Анджелес
44%
Где Жорж Милославский рекомендовал хранить деньги? сберегательная касса
38%
Какая фамилия у Сэма и Дина, путешествовавших по США на Chevrolet Impala? Винчестер
34%
Столицей какой цивилизации был город Теночтитлан? ацтеки
34%
Какая страна бывшего Французского Индокитая не имеет выхода к морю? Лаос
31%
Что также известно как пчелиный клей или уза? прополис
25%
Как называются главы Корана? суры
25%
В известной песне какого дуэта словосочетание "Around the world" повторяется 144 раза? Daft Punk
25%
Как назывался трамвай в известном фильме с Марлоном Брандо? "Желание"
22%
Как называется доска для спиритических сеансов? Уиджа
19%
В честь какого библейского персонажа названо самое старое дерево в мире? Мафусаил
13%
Как называется условная группа животных, в которую входят лев, слон, буйвол, носорог и леопард? Большая африканская пятёрка
9%
Как называется частичная потеря пигментации у животных? лейкизм
9%
No matching quizzes found
Score Distribution
Percent of People with Each Score
Percentile by Number Answered
Your Score History
You have not taken this quiz